Score 0/15 Timer 04:00
2 Plays Today
% Correct
P.S. I Hate It Here
89.4%
Just My Type
88.6%
Forgotten Bookmarks
88%
Everything Is Going to Kill Everybody
87.6%
The Art of Procrastination
85.8%
MouthSounds
85.2%
Freakonomics
82.1%
5 People Who Died During Sex
81%
% Correct
To Have and To Hold
79.7%
The Lazy Intellectual
79.2%
Because I Said So!
70.9%
The Half-Life of Facts
70.5%
The Geeks' Guide to World Domination
63.6%
Brainiac
63.2%
Mental Floss Presents Be Amazing
43%
Remove Ads.
Support Sporcle.
Get the best of Sporcle when you Go Orange. This ad-free experience offers more features, more stats, and more fun while also helping to support Sporcle. Thank you for becoming a member.

You're not logged in!

Compare scores with friends on all Sporcle quizzes.
OR
Log In

Show Comments

Extras

Top Quizzes Today


Score Distribution

Your Account Isn't Verified!

In order to create a playlist on Sporcle, you need to verify the email address you used during registration. Go to your Sporcle Settings to finish the process.

Report this User

Report this user for behavior that violates our Community Guidelines.

Details: